Online Catalogue and eLibrary

Shikshana rohale dina nawayak (Record no. 5118)

MARC details
000 -LEADER
fixed length control field 00446nam a2200157Ia 4500
005 - DATE AND TIME OF LATEST TRANSACTION
control field 20250627014700.0
008 - FIXED-LENGTH DATA ELEMENTS--GENERAL INFORMATION
fixed length control field 240331s9999 xx 000 0 und d
020 ## - INTERNATIONAL STANDARD BOOK NUMBER
ISBN 9552082862
082 ## - DDC Classification
Item Number - Author Mark GUN
Class No. 363
100 ## - MAIN ENTRY--PERSONAL NAME
Personal name Gunarathne,C
245 #0 - TITLE STATEMENT
Title Shikshana rohale dina nawayak
260 ## - PUBLICATION, DISTRIBUTION, ETC.
Place of publication, distribution, etc. Colombo
Name of publisher, distributor, etc. S. Godage & Brothers
Date of publication, distribution, etc. 2006
300 ## - PHYSICAL DESCRIPTION
Extent (e.g. Volumes, Pages etc.) 136 p .,
500 ## - GENERAL NOTE
General note A book on Nine Days at the teaching hospital - Through sociological eyes
942 ## - Koha item type (Biblio)
Koha item type Books in Stacks (Lending)
Holdings
Lost status Damaged status Collection code Home library Current library Shelving location Date acquired Full call number Accession Number Item type
    Lending WERC Library WERC Library Social Science Cupboard 03/31/2024 363.15 GUN 6226 Books in Stacks (Lending)

© WERC Library